[Event "Berliner Sommer"]
[Site "Berlin"]
[Date "1992.??.??"]
[Round "?"]
[White "Aseev, Konstantin N"]
[Black "Stangl, Markus"]
[Result "0-1"]
[WhiteElo "2550"]
[BlackElo "2475"]

1.d4 Nf6 2.c4 e6 3.Nf3 Bb4+ 4.Nbd2 d5 5.Qa4+ Nc6 6.a3 Bxd2+ 7.Bxd2 Ne4 8.Rd1 O-O
9.e3 Bd7 10.Qc2 Be8 11.Be2 f5 12.O-O Bh5 13.Be1 Kh8 14.Kh1 Rf6 15.Ne5 Bxe2
16.Qxe2 Qe8 17.f3 Nd6 18.Bg3 Na5 19.b3 Nxb3 20.cxd5 exd5 21.Qa2 Na5 22.Qxd5 Qb5
23.Qa2 Nac4 24.Rfe1 c6 25.Rb1 Qa6 26.Nd7 Rg6 27.Bxd6 Nxd6 28.e4 fxe4 29.fxe4 b6
30.e5 Qc4 31.Qf2 Nb5 32.Rf1 h6 33.Nf8 Rg5 34.Rbe1 Qxd4 35.Qf3 Qd5 36.Qxd5 cxd5
37.e6 Re8 38.e7 Nd6 39.Re6 Nf5 40.Rfe1 Kg8 41.h4 Rg4 42.Ng6 Nxh4 43.Ne5 Re4
44.Rf1 Ng6 45.Nxg6 Rxe6 46.Rf8+ Kh7 47.Rxe8 Kxg6 48.a4 Kf7 49.Rd8 Kxe7 50.Rxd5 Rd6
51.Rb5 Ke8  0-1

[Event "Bern op"]
[Site "Bern"]
[Date "1992.??.??"]
[Round "6"]
[White "Cebalo, Miso"]
[Black "Polzin, Rainer"]
[Result "1-0"]
[WhiteElo "2515"]
[BlackElo "2345"]

1.d4 Nf6 2.Nf3 e6 3.c4 Bb4+ 4.Nbd2 O-O 5.a3 Bxd2+ 6.Bxd2 d6 7.Bg5 Nbd7 8.e3 Qe8
9.Qc2 e5 10.Be2 h6 11.Bh4 a5 12.O-O e4 13.Nd2 a4 14.c5 dxc5 15.dxc5 Qe6 16.Rfc1 b6
17.b4 axb3 18.Nxb3 Nd5 19.c6 N7f6 20.Nd4 Qe5 21.Bg3 Qe7 22.Qb3 Ba6 23.Bxa6 Rxa6
24.Nb5 Rd8 25.Rd1 Raa8 26.Rd4 Qe6 27.Qc4 Kh7 28.Rad1 Rac8 29.h3 g6 30.Nc3  1-0

[Event "Biel op"]
[Site "Biel"]
[Date "1992.??.??"]
[Round "4"]
[White "Belotti, Bruno"]
[Black "Boog, Alexandre"]
[Result "1-0"]
[WhiteElo "2405"]
[BlackElo "2375"]

1.d4 Nf6 2.c4 e6 3.Nf3 Bb4+ 4.Nbd2 b6 5.g3 Ba6 6.Qa4 c5 7.dxc5 bxc5 8.a3 Bxd2+
9.Bxd2 O-O 10.Bg2 Qb6 11.O-O Nc6 12.Be3 Qa5 13.Qc2 Ng4 14.b4 cxb4 15.axb4 Qh5
16.Bc5 Bb7 17.h3 Nf6 18.g4 Nxg4 19.hxg4 Qxg4 20.Bxf8 Rxf8 21.Qc3 e5 22.Nh2 Qg6
23.Qd3 e4 24.Qc3 f5 25.b5 Nd8 26.Rxa7 f4 27.Kh1 Qb6 28.Rxb7 Qxb7 29.Qe5 Ne6
30.Bxe4 Qb6 31.Bd5 Rf6 32.Rg1 Kf8 33.Bxe6 dxe6 34.Rxg7 Rh6 35.Rg2  1-0

[Event "Bled op"]
[Site "Bled"]
[Date "1992.??.??"]
[Round "8"]
[White "Milocco, Franco"]
[Black "Gostisa, Leon"]
[Result "0-1"]
[WhiteElo "2370"]
[BlackElo "2430"]

1.d4 Nf6 2.c4 e6 3.Nf3 Bb4+ 4.Nbd2 O-O 5.a3 Bxd2+ 6.Bxd2 d6 7.g3 b6 8.Bg2 Bb7
9.O-O Nbd7 10.Bg5 h6 11.Bxf6 Qxf6 12.Ne1 Bxg2 13.Nxg2 e5 14.dxe5 Qxe5 15.Qc2 Rfe8
16.Rfe1 Nf6 17.Ne3 Ne4 18.Nd5 Rac8 19.Rac1 Re6 20.Nc3 Nf6 21.Kg2 Rce8 22.Qd3 c6
23.Rcd1 Nd7 24.Qd4 Qh5 25.h3 Ne5 26.b3 Nf3  0-1

[Event "Bozen op"]
[Site "Bozen"]
[Date "1992.??.??"]
[Round "7"]
[White "Malaniuk, Vladimir P"]
[Black "Kosten, Anthony C"]
[Result "1/2-1/2"]
[WhiteElo "2550"]
[BlackElo "2530"]

1.d4 Nf6 2.Nf3 e6 3.c4 Bb4+ 4.Nbd2 b6 5.a3 Bxd2+ 6.Bxd2 Bb7 7.Bf4 d6 8.e3 Nbd7
9.h3 Qe7 10.Be2 Ne4 11.Rc1 a5 12.b3 O-O 13.O-O e5 14.Bh2 f5 15.c5 bxc5 16.dxe5 dxe5
17.Bc4+ Kh8 18.Bd5 Rab8 19.Bxb7 Rxb7 20.Qd5 Rb6 21.Rfd1 Rd6 22.Qb7 Nc3 23.Re1 Rb6
24.Qa7 Rxb3 25.Qxa5 Nd5 26.Red1 N5b6 27.Qa7 e4 28.Nd2 Rd3 29.Bxc7 Nd5 30.Nc4 N7f6
31.Bb6 Qxa7 32.Bxa7 Ra8 33.Bb6 Nxb6 34.Nxb6 Raxa3 35.Nc4 Ra8 36.Ra1 Rxd1+
37.Rxd1 g6 38.Rd6 Ra1+ 39.Kh2 Rc1 40.Ne5 Kg7 41.Rc6 Nd5 42.g4 f4 43.exf4 Nxf4
44.Rc7+ Kg8 45.Rc8+  1/2-1/2

[Event "Bratislava op"]
[Site "Bratislava"]
[Date "1992.??.??"]
[Round "7"]
[White "Certek, Pavel"]
[Black "Zhidkov, Valery S"]
[Result "0-1"]
[WhiteElo "2290"]
[BlackElo "2415"]

1.d4 Nf6 2.c4 e6 3.Nf3 Bb4+ 4.Nbd2 b6 5.e3 Bb7 6.Bd3 O-O 7.O-O c5 8.Qe2 cxd4
9.exd4 d5 10.cxd5 Qxd5 11.Rd1 Nbd7 12.Nf1 Rac8 13.Bg5 h6 14.Ne3 Qa5 15.Bxf6 Bxf3
16.Qxf3 Nxf6 17.a3 Be7 18.d5 Nxd5 19.Nxd5 exd5 20.b4 Qa4 21.Qxd5 Rfd8 22.Qe4 Bf6
23.Rab1 g6 24.h4 h5 25.g3 Kg7 26.b5 Rd4 27.Qe2 Rc3 28.Rb4 Rxb4 29.axb4 Qxb4
30.Kg2 Rc5 31.Qe8 Re5 32.Qc6 Bxh4 33.gxh4 Qg4+ 34.Kh1  0-1

[Event "Cannes op"]
[Site "Cannes"]
[Date "1992.??.??"]
[Round "?"]
[White "Inkiov, Ventzislav"]
[Black "Dextre, Eric"]
[Result "1-0"]
[WhiteElo "2450"]
[BlackElo "2205"]

1.d4 Nf6 2.c4 e6 3.Nf3 Bb4+ 4.Nbd2 O-O 5.a3 Be7 6.e3 c5 7.dxc5 a5 8.b3 Na6
9.Bb2 Nxc5 10.Be2 b6 11.O-O Bb7 12.Nd4 Qb8 13.Bf3 Rd8 14.Qc2 Bxf3 15.N2xf3 Qb7
16.Nd2 Rac8 17.Rfd1 d5 18.Rac1 Nfe4 19.cxd5 Nxd2 20.Rxd2 exd5 21.Nf5 Bf8
22.Qd1 Ne4 23.Rdc2 Rxc2 24.Rxc2 Qd7 25.Qh5 f6 26.Nd4 Bc5 27.b4 axb4 28.axb4 Bxd4
29.Bxd4 Ra8 30.Rc7 Qe6 31.h4 Kh8 32.Qf7 Qxf7 33.Rxf7 Kg8 34.Rd7 Ra2 35.f3 Nd2
36.Rxd5 Nc4 37.Rd7 Ra4 38.b5 Rb4 39.Rc7 Nd6 40.Rc6 Nf5 41.Rxb6 Nxd4 42.exd4 Rxd4
43.h5 Rd2 44.h6 gxh6 45.Rxf6 Kg7 46.Rb6 Rb2 47.Rb8 h5 48.b6 Kh6 49.Kh2 Kg7
50.b7 h6 51.f4  1-0

[Event "Cebu"]
[Site "Cebu"]
[Date "1992.??.??"]
[Round "9"]
[White "Mascarinas, Rico"]
[Black "Rogers, Ian"]
[Result "1/2-1/2"]
[WhiteElo "2450"]
[BlackElo "2550"]

1.d4 e6 2.Nf3 Nf6 3.c4 Bb4+ 4.Nbd2 b6 5.g3 Bb7 6.Bg2 O-O 7.O-O Bxd2 8.Bxd2 d6
9.b3 Nbd7 10.Bc3 Qc8 11.Qd3 Be4 12.Qe3 Qb7  1/2-1/2

[Event "JUG-chT"]
[Site "Cetinje"]
[Date "1992.??.??"]
[Round "?"]
[White "Ristic, Nebojsa"]
[Black "Maksimovic, Branimir"]
[Result "1/2-1/2"]
[WhiteElo "2410"]
[BlackElo "2325"]

1.d4 Nf6 2.Nf3 e6 3.c4 Bb4+ 4.Nbd2 b6 5.a3 Bxd2+ 6.Bxd2 Bb7 7.g3 O-O 8.Bg2 d6
9.O-O Nbd7 10.Qc2 Be4  1/2-1/2

[Event "JUG-chT"]
[Site "Cetinje"]
[Date "1992.??.??"]
[Round "?"]
[White "Petronic, Jovan"]
[Black "Trifunovic, Miroljub"]
[Result "0-1"]
[WhiteElo "2430"]
[BlackElo "2375"]

1.d4 Nf6 2.c4 e6 3.Nf3 Bb4+ 4.Nbd2 d5 5.e3 O-O 6.a3 Be7 7.Qc2 b6 8.Bd3 Bb7
9.b4 c5 10.bxc5 bxc5 11.Rb1 Ba6 12.O-O cxd4 13.Nxd4 Qc8 14.e4 dxe4 15.Nxe4 Nbd7
16.Re1 Rd8 17.Bg5 Nf8 18.Nxf6+ gxf6 19.Be3 f5 20.Nb5 Rd7 21.Rb3 Ng6 22.Bh6 Bf6
23.Bf1 Bb7 24.Rg3 Kh8 25.Qc1 e5 26.Bg5 Bg7 27.Bh6 f4 28.Bxg7+ Kxg7 29.Rh3 Qc5
30.Qb2 Rad8 31.Qb4 Qxb4 32.axb4 a6 33.Nc3 f5 34.Na4 f3 35.gxf3 Rd1 36.Rxd1 Rxd1
37.Nc5 Bc8 38.f4 Nxf4 39.Re3 e4 40.b5 axb5 41.cxb5 Rc1 42.Nb3 Rd1 43.Nc5 Rc1
44.Nb3 Rb1 45.Nc5 Kf6 46.f3 Nh3+ 47.Kg2 Rc1 48.Nb3 Rc2+ 49.Kh1 Nf4 50.fxe4 Bb7
51.Kg1 Bxe4 52.Nd4 Rd2 53.Nb3 Rb2 54.Nd4 Bd5 55.Nc6 h5 56.Ne7 Be4 57.Nc6 h4
58.Nd4 Bd5 59.Ra3 Kg5 60.Re3 Kf6 61.Ra3 Rb4 62.Nc6 Rb1 63.Kf2 Rb2+ 64.Kg1 Ne6
65.Rd3 Ng5 66.Nd4 Rb1 67.Rc3 f4 68.h3 f3 69.Rc2 Ke5 70.Nc6+ Kf4 71.Ne7 Be4
72.Rc4 Kg3 73.Nf5+ Bxf5  0-1

[Event "JUG-chT"]
[Site "Cetinje"]
[Date "1992.??.??"]
[Round "?"]
[White "Stoisavljevic, Sava"]
[Black "Maric, Mirjana"]
[Result "0-1"]
[WhiteElo "2100"]
[BlackElo "2255"]

1.d4 Nf6 2.c4 e6 3.Nf3 Bb4+ 4.Nbd2 b6 5.a3 Bxd2+ 6.Bxd2 Bb7 7.Bg5 d6 8.e3 Nbd7
9.Bd3 h6 10.Bh4 Qe7 11.h3 g5 12.Bg3 Ne4 13.Bxe4 Bxe4 14.Rg1 f5 15.Nd2 Bb7
16.Qh5+ Qf7 17.Qxf7+ Kxf7 18.O-O-O a5 19.f3 e5 20.d5 b5 21.b3 a4 22.b4 Nb6
23.cxb5 Nxd5 24.Rde1 Nc3 25.b6 cxb6 26.Nc4 Nb5 27.Nxb6 Ra6 28.Nd7 Rd8 29.Nxe5+ dxe5
30.Bxe5 Rc6+  0-1

[Event "JUG-chT"]
[Site "Cetinje"]
[Date "1992.??.??"]
[Round "?"]
[White "Kostic, V Vladimir"]
[Black "Drasko, Milan"]
[Result "1/2-1/2"]
[WhiteElo "2325"]
[BlackElo "2485"]

1.d4 Nf6 2.c4 e6 3.Nf3 Bb4+ 4.Nbd2 b6 5.a3 Bxd2+ 6.Bxd2 Bb7 7.Bg5 h6 8.Bh4 d6
9.e3 Nbd7 10.Nd2 c5 11.Be2 Qc7 12.Bf3 Rc8 13.O-O O-O  1/2-1/2

[Event "CZE-ch (Women)"]
[Site "CSR"]
[Date "1992.??.??"]
[Round "?"]
[White "Kubikova, Hana"]
[Black "Baranova, Victory"]
[Result "1-0"]
[WhiteElo "2180"]
[BlackElo "2095"]

1.d4 Nf6 2.Nf3 e6 3.c4 Bb4+ 4.Nbd2 O-O 5.a3 Be7 6.e4 d6 7.Be2 c5 8.dxc5 dxc5
9.O-O Nc6 10.Re1 e5 11.h3 Qc7 12.Bf1 b6 13.Nb1 Bb7 14.Nc3 Nd4 15.Bd3 Rfe8
16.Nd5 Qd6 17.Bd2 Rad8 18.Nxd4 cxd4 19.Bb4 Qd7 20.Nxe7+ Rxe7 21.Bxe7 Qxe7
22.Rc1 Bc6 23.b4 Qb7 24.Qe2 Ne8 25.b5 Bd7 26.c5 bxc5 27.Rxc5 f6 28.Rec1 Rc8
29.Qc2 Rxc5 30.Qxc5 Be6 31.a4 h6 32.a5 Kh7 33.b6 axb6 34.Qxb6 Qe7 35.Qc5 Qb7
36.Rb1 Qa8 37.a6 Bc8 38.Qb6 Kg6 39.Bb5 Qxe4 40.Bxe8+  1-0

[Event "EU-chT (Men)"]
[Site "Debrecen"]
[Date "1992.??.??"]
[Round "1"]
[White "Cramling, Pia"]
[Black "Tatai, Stefano"]
[Result "0-1"]
[WhiteElo "2530"]
[BlackElo "2410"]

1.d4 Nf6 2.c4 e6 3.Nf3 Bb4+ 4.Nbd2 b6 5.e3 Bb7 6.Bd3 O-O 7.O-O d5 8.a3 Be7
9.b4 c5 10.bxc5 bxc5 11.Rb1 Ba6 12.Ne5 Qc8 13.Bb2 cxd4 14.exd4 Nbd7 15.Qf3 Nb6
16.c5 Nbd7 17.Rfc1 Bxd3 18.Qxd3 Nxe5 19.dxe5 Nd7 20.c6 Nb6 21.Bd4 Bg5 22.Rc5 Bxd2
23.Qxd2 Qc7 24.Qa5 Rfc8 25.g3 Nc4 26.Qxc7 Rxc7 27.Rb7 Rac8 28.a4 a6 29.f4 h5
30.Rxc7 Rxc7 31.Kf2 Kf8 32.Ke2 Ke8 33.Kd3 Rc8 34.Bc3 Kd8 35.Bd4 Kc7 36.Kc2 Rb8
37.Bc3 Rb6 38.Bd4 Rb4 39.a5 Ra4 40.Kb3 Rxa5  0-1

[Event "EU-chT (Men)"]
[Site "Debrecen"]
[Date "1992.??.??"]
[Round "2"]
[White "Kozul, Zdenko"]
[Black "Supatashvili, Khvicha"]
[Result "1-0"]
[WhiteElo "2545"]
[BlackElo "2450"]

1.d4 Nf6 2.Nf3 e6 3.c4 Bb4+ 4.Nbd2 d5 5.g3 O-O 6.Bg2 b6 7.O-O Bb7 8.Qc2 Nbd7
9.Rd1 Bd6 10.e4 Nxe4 11.Nxe4 dxe4 12.Ng5 Nf6 13.c5 Be7 14.c6 Ba6 15.Nxe4 Nd5
16.a3 Bb5 17.Bf4 g5 18.Bd2 a5 19.a4 Be2 20.Re1 Bh5 21.Qc4 Bg6 22.Rad1 Bh5
23.Rc1 Bg6 24.Nc3 Nb4 25.Be4 Bf6 26.Nb5 Bxe4 27.Rxe4 Nd5 28.Rf1 Bg7 29.Qc1 h6
30.h4 Nf6 31.Re2 Nh7 32.hxg5 hxg5 33.Qc4 Rc8 34.f4 gxf4 35.gxf4 Nf6 36.f5 Nd5
37.Rg2 Qh4 38.f6  1-0

[Event "EU-chT (Men)"]
[Site "Debrecen"]
[Date "1992.??.??"]
[Round "5"]
[White "Damaso, Rui"]
[Black "Hracek, Zbynek"]
[Result "1/2-1/2"]
[WhiteElo "2450"]
[BlackElo "2460"]

1.d4 Nf6 2.Nf3 e6 3.c4 Bb4+ 4.Nbd2 b6 5.g3 Bb7 6.Bg2 O-O 7.O-O d5 8.Ne5 Nbd7
9.Nd3 Bd6 10.b4 c5 11.bxc5 bxc5 12.Rb1 Rb8 13.Ba3 Qe7 14.Qa4 dxc4 15.Nxc4 Bxg2
16.Kxg2 Nb6 17.Qa6 Nxc4 18.dxc5 Bxg3 19.hxg3 Nxa3 20.Qxa3 Rbc8 21.Qa6 Ne4
22.Qb7 Qxb7 23.Rxb7 Nxc5 24.Nxc5 Rxc5 25.Rxa7 Rcc8 26.a4 Ra8 27.Rxa8 Rxa8
28.Ra1 Kf8 29.Kf3 Ke7 30.Ke4 Kd6 31.g4  1/2-1/2

[Event "EU-chT (Men)"]
[Site "Debrecen"]
[Date "1992.??.??"]
[Round "6"]
[White "Grivas, Efstratios"]
[Black "Aleksandrov, Aleksej"]
[Result "1-0"]
[WhiteElo "2465"]
[BlackElo "2460"]

1.d4 Nf6 2.c4 e6 3.Nf3 Bb4+ 4.Nbd2 O-O 5.e3 d5 6.a3 Be7 7.b4 a5 8.b5 c5 9.Bb2 Nbd7
10.Be2 b6 11.O-O Bb7 12.Ne5 Rc8 13.f4 cxd4 14.exd4 Rc7 15.f5 exf5 16.Rxf5 dxc4
17.Ndxc4 Nxe5 18.Nxe5 Qd5 19.Qf1 Qb3 20.Bc1 Qc3 21.Bg5 Ne4 22.Bxe7 Rxe7 23.Rd1 Qxa3
24.Bd3 Qc3 25.Kh1 Bd5 26.Qf3 Qb3 27.Bxe4 Be6 28.Rf4 f6 29.Nc6 Rd7 30.d5 Qxf3
31.Bxf3 Bf7 32.h3 Re8 33.Re4 Rxe4 34.Bxe4  1-0

[Event "EU-chT (Men)"]
[Site "Debrecen"]
[Date "1992.??.??"]
[Round "7"]
[White "Daly, Colm"]
[Black "Rytshagov, Mikhail"]
[Result "1/2-1/2"]
[WhiteElo "2225"]
[BlackElo "2385"]

1.d4 Nf6 2.c4 e6 3.Nf3 Bb4+ 4.Nbd2 O-O 5.a3 Be7 6.g3 c5 7.dxc5 a5 8.Bg2 Bxc5
9.O-O d5 10.cxd5 exd5 11.Nb3 Bb6 12.Bg5 Nc6 13.e3 a4 14.Nbd4 h6 15.Bxf6 Qxf6
16.Qd3 Rd8 17.h3 Na5 18.Rfd1 Nc4 19.Qc2 Re8 20.Rd3 Bd7 21.Rad1 Ba5 22.Ra1 Rac8
23.Rb1 Bb6 24.Qd1 Nd6 25.Rc1 Ne4 26.Rxc8 Rxc8 27.Qe2 Rc1+ 28.Rd1 Rxd1+ 29.Qxd1 h5
30.h4 g6 31.Qc2 Nc5 32.Ne2 Bf5 33.Qc3 Qd6 34.Nf4 Be4 35.Nd4 Bd8 36.Nb5 Qb6
37.Qb4 Nd3 38.Nxd3 Bxd3 39.Nc3 Qxb4 40.axb4 Bf6 41.Nxa4 Bc2 42.Nc5 b6 43.Nd7 Bxb2
44.Nxb6 d4 45.Nc4 dxe3 46.Nxe3 Bd3 47.Bf1 Be4 48.Bc4 Bd4 49.Kf1 Kf8 50.Ke2 Ke7
51.Bd3 Bc6 52.b5 Bb7 53.f3 Be5 54.Kf2 Bd4 55.Ke2 Be5 56.g4 hxg4 57.fxg4 Bg3
58.h5 Kf6 59.Kd2 Kg5 60.hxg6 fxg6 61.Be2 Kf6 62.Nc4 Bd5 63.Nb6 Ke5 64.Ke3 Bf4+
65.Kd3 Kd6 66.Na4 Be5 67.Bd1 g5  1/2-1/2

[Event "EU-chT (Men)"]
[Site "Debrecen"]
[Date "1992.??.??"]
[Round "8"]
[White "Sturua, Zurab"]
[Black "Hulak, Krunoslav"]
[Result "1-0"]
[WhiteElo "2545"]
[BlackElo "2515"]

1.d4 Nf6 2.Nf3 e6 3.c4 Bb4+ 4.Nbd2 b6 5.e3 Bb7 6.Bd3 O-O 7.O-O d5 8.a3 Bd6
9.b4 c5 10.bxc5 bxc5 11.Rb1 Qc7 12.cxd5 exd5 13.dxc5 Bxc5 14.Bb2 Nbd7 15.Qc2 Rac8
16.Rfc1 Qb8 17.Qa4 Bb6 18.Bf5 Rxc1+ 19.Rxc1 Qd8 20.Rd1 Re8 21.h3 Qe7 22.Nb3 h6
23.Bd4 Qd6 24.Rc1 Rd8 25.Na5 Ba8 26.Nc6 Bxc6 27.Rxc6 Qe7 28.Qb3 Bxd4 29.exd4 Nb6
30.Ne5 Nc4 31.Qc3 Ne4 32.Bxe4 Nxe5 33.Rc7 Qe6 34.Bc2 Nc4 35.Rxa7 Re8 36.Bd3 Rc8
37.Qc1 Qb6 38.Re7 Qxd4 39.Bf5 Rb8 40.Qe1 g6 41.Bxg6 Nd6 42.Bh5 Rb2 43.Rd7 Qf4
44.Rxd6 Qxd6 45.Qe8+ Kg7 46.Qxf7+ Kh8 47.Bg6  1-0

[Event "Dortmund op-A"]
[Site "Dortmund"]
[Date "1992.??.??"]
[Round "2"]
[White "Ftacnik, Lubomir"]
[Black "Seul, Georg"]
[Result "1/2-1/2"]
[WhiteElo "2550"]
[BlackElo "2415"]

1.d4 Nf6 2.Nf3 e6 3.c4 Bb4+ 4.Nbd2 d5 5.Qa4+ Nc6 6.a3 Bxd2+ 7.Bxd2 Ne4 8.Rd1 O-O
9.g3 Nd6 10.c5 Nf5 11.Bc3 Bd7 12.Qc2 a5 13.Bg2 a4 14.h4 f6 15.O-O Qe8 16.e4 Nfe7
17.Ne1 Kh8 18.Nd3 dxe4 19.Bxe4 Nd5 20.Rde1 Nce7 21.c6 Bxc6 22.Nc5 Qf7 23.Bd3 Rfe8
24.Nxe6 Ng6 25.Nc5 b6 26.Ne4 Qd7 27.f3 Nge7 28.Kh2 Bb5 29.Bxb5 Qxb5 30.Rf2 Qd7
31.Rfe2 Qf5 32.Rf1 Qg6 33.Be1 Qf5 34.g4 Qd7 35.Bg3 h6 36.Nc3 Nxc3 37.bxc3 Nd5
38.Rfe1 Rxe2+ 39.Rxe2 b5 40.c4 bxc4 41.Qxc4 Rb8 42.Qc2 Re8 43.Re4 Rxe4 44.Qxe4 c6
45.g5 f5 46.Qc2 hxg5 47.hxg5 Qe6 48.Be5 Qg6 49.Qc1 f4 50.Bxf4 Qd3 51.Be5 Qxf3
52.Qxc6 Qh5+ 53.Kg3 Qxg5+ 54.Kf3 Qe3+ 55.Kg2 Qe4+ 56.Kf2 Qe3+ 57.Kg2 Qe4+
58.Kf2 Qe3+  1/2-1/2

[Event "Dortmund op-A"]
[Site "Dortmund"]
[Date "1992.??.??"]
[Round "7"]
[White "Groszpeter, Attila"]
[Black "Lutz, Christopher"]
[Result "1/2-1/2"]
[WhiteElo "2495"]
[BlackElo "2540"]

1.d4 Nf6 2.c4 e6 3.Nf3 Bb4+ 4.Nbd2 b6 5.e3 O-O 6.Bd3 Bb7 7.O-O c5 8.a3 Bxd2
9.Bxd2 d6 10.Bc3 Ne4 11.Bxe4 Bxe4 12.dxc5 dxc5 13.Nd2 Bg6 14.Qf3 Nd7 15.Ne4 Qh4
16.Nd6 Rad8 17.Qg3 Qxg3 18.hxg3 Nf6 19.Rfd1 Rd7 20.Rd2 Rfd8 21.Rad1 Kf8 22.f3 Ne8
23.Nxe8 Rxd2 24.Rxd2 Rxd2 25.Bxd2 Kxe8 26.e4 f6  1/2-1/2

[Event "FRA-chT"]
[Site "?"]
[Date "1992.??.??"]
[Round "?"]
[White "Levacic, Damir"]
[Black "Guidez, Yann Michel"]
[Result "1-0"]
[WhiteElo "2395"]
[BlackElo "2345"]

1.d4 e6 2.c4 Nf6 3.Nf3 Bb4+ 4.Nbd2 b6 5.a3 Bxd2+ 6.Bxd2 h6 7.g3 Bb7 8.Bg2 Be4
9.O-O O-O 10.Rc1 Qc8 11.d5 Qd8 12.Bc3 exd5 13.Bxf6 Qxf6 14.cxd5 Qxb2 15.Rxc7 Qxa3
16.Nd4 Bxg2 17.Kxg2 Na6 18.Rxd7 Nc5 19.Rc7 Na6 20.Rc4 Qd6 21.Nf5 Qe5 22.e4 Nc5
23.Qg4 Kh7 24.f4 Qf6 25.e5 Qg6 26.Qxg6+ Kxg6 27.Ne7+ Kh7 28.Nc6 Rfc8 29.f5 a5
30.e6 a4 31.e7 a3 32.Ra1 Nb7 33.Rc3 Nd6 34.g4 a2 35.Rc2 h5 36.h3 hxg4 37.hxg4 Ra4
38.Kf3 g5 39.fxg6+ Kxg6 40.Rcxa2 Rxa2 41.Rxa2 f5 42.Re2 Kf7 43.g5 Ke8 44.g6 Ne4
45.g7 Kf7 46.Nd8+  1-0

[Event "FRA-chT"]
[Site "?"]
[Date "1992.??.??"]
[Round "?"]
[White "Levacic, Damir"]
[Black "Dextre, Eric"]
[Result "1-0"]
[WhiteElo "2395"]
[BlackElo "2205"]

1.d4 Nf6 2.Nf3 e6 3.c4 Bb4+ 4.Nbd2 O-O 5.a3 Be7 6.e4 d5 7.cxd5 exd5 8.e5 Ne4
9.Bd3 f5 10.exf6 Bxf6 11.O-O Nc6 12.Qc2 Bg4 13.Nxe4 dxe4 14.Bxe4 Bxf3 15.Bxf3 Nxd4
16.Qc4+ Kh8 17.Be4 Qd6 18.Be3 Rae8 19.Qd3 Ne2+ 20.Kh1 Qxd3 21.Bxd3 Nd4 22.Rac1 c6
23.b4 a6 24.Rfd1 Rd8 25.g4 g6 26.a4 Kg7 27.Kg2 Rd7 28.g5 Be5 29.Be4 Rfd8
30.h4 Nb3 31.Rxd7+ Rxd7 32.Rb1 Nd2 33.Rd1 Bc3 34.Bc5 Rf7 35.Bc2 Rd7 36.h5 gxh5
37.Rh1 h6 38.Rxh5 hxg5 39.Rh7+  1-0

[Event "FRA-chT"]
[Site "?"]
[Date "1992.??.??"]
[Round "?"]
[White "Szabolcsi, Janos"]
[Black "Levacic, Damir"]
[Result "1/2-1/2"]
[WhiteElo "2375"]
[BlackElo "2395"]

1.d4 Nf6 2.Nf3 e6 3.c4 Bb4+ 4.Nbd2 b6 5.g3 Bb7 6.Bg2 O-O 7.O-O Re8 8.Qc2 d5
9.Ne5 Bd6 10.Ndf3 c5 11.dxc5 bxc5 12.Bf4 Qc7 13.cxd5 exd5 14.Nd3 Nbd7 15.Rac1 a5
16.Nd4 Bxf4 17.Nxf4 Qb6 18.Nf5 Rab8 19.b3 d4 20.Bxb7 Rxb7 21.Nd3 Ne4 22.Rfe1 Qf6
23.Nh4 Rc7 24.e3 g5 25.Ng2 Nc3 26.exd4 Rxe1+ 27.Rxe1 cxd4 28.Re8+ Kg7 29.Qd2 Qf5
30.Nge1 h6 31.f4 g4 32.Ne5 Nf6 33.Ra8 Qe4 34.Rxa5 Ne2+ 35.Kf2 Nc3 36.Kg1 Ne2+
37.Kf2 Nc3  1/2-1/2

[Event "Troll Masters"]
[Site "Gausdal"]
[Date "1992.??.??"]
[Round "7"]
[White "Anderton, David W"]
[Black "Pedersen, Steffen"]
[Result "1/2-1/2"]
[WhiteElo "2235"]
[BlackElo "2325"]

1.d4 Nf6 2.c4 e6 3.Nf3 Bb4+ 4.Nbd2 d5 5.Qa4+ Nc6 6.a3 Bxd2+ 7.Bxd2 Ne4 8.Rd1 O-O
9.Bc1 Qe7 10.g3 Rd8 11.Bg2 Nd6 12.c5 Ne4 13.O-O Bd7 14.Qc2 a5 15.b3 b6 16.Be3 bxc5
17.dxc5 Be8 18.Nd2 Nxd2 19.Rxd2 Rab8 20.f4 Rb5 21.Rb1 d4 22.Bxc6 Rxc5 23.Qd1 Bxc6
24.Bxd4 Rcd5 25.b4 Ba8 26.e3 Qd7 27.Qc2 f6 28.Rf2 e5 29.fxe5 fxe5 30.Qc4 exd4
31.e4 Qb5 32.Qa2 Qd3 33.Re1 Qc3 34.Ref1 Qe3 35.exd5 Bxd5 36.Qc2 Rf8 37.Qc5 Rxf2
38.Rxf2 Qe1+  1/2-1/2

[Event "Troll Masters"]
[Site "Gausdal"]
[Date "1992.??.??"]
[Round "8"]
[White "Khenkin, Igor"]
[Black "Ward, Christopher"]
[Result "1-0"]
[WhiteElo "2530"]
[BlackElo "2455"]

1.d4 e6 2.c4 Bb4+ 3.Nd2 Nf6 4.Nf3 O-O 5.a3 Bxd2+ 6.Bxd2 Ne4 7.Be3 d5 8.Qc2 a5
9.g3 Nd7 10.Bg2 Nb6 11.Ne5 f6 12.c5 fxe5 13.cxb6 exd4 14.Bxd4 c5 15.Bxc5 Nxc5
16.Qxc5 Ra6 17.O-O Rxb6 18.Qd4 Rb3 19.Rac1 Qb6 20.Qxb6 Rxb6 21.Rc7 Rd8 22.Rfc1 Bd7
23.R1c2 Ba4 24.Rd2 Rd7 25.Rxd7 Bxd7 26.e4 Bc6 27.exd5 Bxd5 28.Bxd5 exd5 29.Rxd5 Rxb2
30.Rxa5 b5 31.Kg2 b4 32.g4 bxa3 33.Rxa3 g5 34.Ra5 h6 35.h4 gxh4 36.Rh5 Kg7
37.Rxh4 Kg6 38.Rh5 Rb4 39.Kg3 Rb3+ 40.f3 Rb4 41.Rc5 Rb3 42.Rd5 Ra3 43.Kf4 Ra4+
44.Ke3 Ra3+ 45.Ke4 Ra4+ 46.Rd4 Ra1 47.f4 Re1+ 48.Kf3 Rf1+ 49.Kg2 Ra1 50.Rd6+ Kg7
51.Kf3 Re1 52.Rc6 Re8 53.Rc7+ Kf6 54.Rc6+ Kg7 55.f5 Re1 56.Kf4 Re2 57.Rc7+ Kf6
58.Rh7 Rh2 59.Rxh6+ Rxh6 60.g5+  1-0

[Event "Geneve op"]
[Site "Geneve"]
[Date "1992.??.??"]
[Round "3"]
[White "Sarno, Spartaco"]
[Black "Meinsohn, Francis"]
[Result "1-0"]
[WhiteElo "2405"]
[BlackElo "2260"]

1.d4 Nf6 2.c4 e6 3.Nf3 Bb4+ 4.Nbd2 O-O 5.a3 Bxd2+ 6.Bxd2 b6 7.e3 Ne4 8.Bd3 Bb7
9.O-O d6 10.b4 Nd7 11.Qe2 f5 12.Rfd1 Ndf6 13.Be1 Qe7 14.Rac1 c5 15.Nd2 Nxd2
16.Rxd2 Be4 17.f3 Bxd3 18.Qxd3 h6 19.Rcd1 Rf7 20.Bg3 cxb4 21.axb4 Nh5 22.Be1 Rc8
23.Rc2 e5 24.dxe5 dxe5 25.c5 e4 26.Qb3 exf3 27.gxf3 bxc5 28.bxc5 Nf6 29.c6 f4
30.e4 Qc7 31.Bf2 Kh8 32.e5 Ng8 33.Rd6 Rf5 34.Bd4 Qa5 35.Qc3 Rg5+ 36.Kf2 Qa6
37.c7 Qb7 38.Rc1 Rh5 39.e6 Rxh2+ 40.Kg1 Rh3 41.Bxg7+ Kh7 42.Qd3+ Kxg7 43.Rd7+ Kf6
44.Rf7+ Ke5 45.Re1+  1-0

[Event "BL2-N9192"]
[Site "Germany"]
[Date "1992.??.??"]
[Round "?"]
[White "Kalinitschew, Sergey"]
[Black "Seils, Joerg"]
[Result "1-0"]
[WhiteElo "2455"]
[BlackElo "2330"]

1.d4 Nf6 2.Nf3 e6 3.c4 Bb4+ 4.Nbd2 d5 5.Qa4+ Nc6 6.a3 Be7 7.Qc2 O-O 8.b3 dxc4
9.Qxc4 Bd6 10.Bb2 Re8 11.Ne5 Ne7 12.Ndf3 Bd7 13.e3 a6 14.Nxd7 Qxd7 15.Be2 Ng6
16.O-O c6 17.Rfd1 Qe7 18.Bd3 Rac8 19.b4 Nd7 20.Qc2 Rcd8 21.Bc4 e5 22.Qf5 exd4
23.Bxd4 Nde5 24.Nxe5 Bxe5 25.Bxe5 Nxe5 26.Bb3 g6 27.Qc2 Qf6 28.Rac1 Ng4 29.h3 Ne5
30.Rd4 Rxd4 31.exd4 Nd7 32.d5 Ne5 33.Qc3 cxd5 34.Bxd5 Re7 35.Bxb7 Kg7 36.Bd5 h5
37.a4 Kh7 38.Rf1 Qf4 39.g3 Qf5 40.Bg2 h4 41.Qc5 Rd7 42.f4 Nd3 43.Qxf5 gxf5
44.Rd1 hxg3 45.Bf1 Rd4 46.Bxd3 Rxb4 47.Bxf5+ Kg7 48.Bd7 Rxf4 49.Kg2  1-0

[Event "Guarapuava op"]
[Site "Guarapuava"]
[Date "1992.??.??"]
[Round "?"]
[White "Correa, Aron A"]
[Black "Sunye Neto, Jaime"]
[Result "0-1"]
[WhiteElo "2335"]
[BlackElo "2495"]

1.d4 Nf6 2.c4 e6 3.Nf3 Bb4+ 4.Nbd2 d5 5.e3 O-O 6.a3 Be7 7.Bd3 Nbd7 8.O-O c5
9.b3 b6 10.Bb2 Bb7 11.Rc1 Ne4 12.Bb1 f5 13.Ne1 Bd6 14.dxc5 bxc5 15.cxd5 exd5
16.Nxe4 fxe4 17.Bxe4 Bxh2+ 18.Kxh2 Qh4+ 19.Kg1 Qxe4 20.Qd3 Qe6 21.Qc3 Qg6
22.f3 Rae8 23.b4 Ba6 24.Rf2 cxb4 25.axb4 Bc4 26.Qd4 Nf6 27.Qxa7 Nh5 28.g4 Ng3
29.Rcc2 Rf7 30.Qc5 h5 31.Rg2 h4 32.Rgf2 Ref8 33.Be5 Ne4 34.fxe4 Qxg4+ 35.Ng2 h3
36.Rxc4 dxc4 37.Qxc4 hxg2 38.Rxg2 Qd1+ 39.Kh2 Qh5+ 40.Kg1 Qxe5  0-1

[Event "Hafnarfirdi"]
[Site "Hafnarfirdi"]
[Date "1992.??.??"]
[Round "5"]
[White "Gretarsson, Helgi Ass"]
[Black "Petursson, Margeir"]
[Result "0-1"]
[WhiteElo "2350"]
[BlackElo "2555"]

1.d4 Nf6 2.c4 e6 3.Nf3 Bb4+ 4.Nbd2 O-O 5.a3 Be7 6.g3 b6 7.Bg2 Bb7 8.O-O c5
9.Qc2 cxd4 10.Nxd4 Bxg2 11.Kxg2 Qc7 12.Qd3 Nc6 13.Nxc6 dxc6 14.Nf3 Rad8 15.Bf4 Bd6
16.Bxd6 Rxd6 17.Qc2 Rfd8 18.Rfd1 c5 19.a4 e5 20.Nh4 g6 21.Rxd6 Qxd6 22.a5 Qd2
23.Qxd2 Rxd2 24.b4 cxb4 25.axb6 axb6 26.Rb1 Rxe2 27.Kf3 Rc2 28.Rxb4 e4+ 29.Ke3 Nd7
30.Kxe4 Rxf2 31.h3 Rh2 32.Kf3 Kf8 33.Ra4 Rc2 34.Kf4 Nc5 35.Ra8+ Kg7 36.Rb8 Rxc4+
37.Ke3 Rc3+ 38.Kf4 Ne6+ 39.Ke4 Rxg3 40.Rxb6 Rxh3 41.Nf3 f5+  0-1

[Event "Hamburg op"]
[Site "Hamburg"]
[Date "1992.??.??"]
[Round "8"]
[White "Hegeler, Frank"]
[Black "Cording, Harm"]
[Result "1/2-1/2"]
[WhiteElo "2220"]
[BlackElo "2320"]

1.d4 Nf6 2.c4 e6 3.Nf3 Bb4+ 4.Nbd2 b6 5.g3 Bb7 6.Bg2 O-O 7.O-O a5 8.Qc2 Bxd2
9.Bxd2 Be4 10.Qc1 d6 11.Bc3 Nbd7 12.Qf4 Qe7 13.Bh3 Rfe8 14.Nd2 Bb7 15.Qh4 e5
16.d5 Nf8  1/2-1/2

[Event "Helsinki Club-ch"]
[Site "Helsinki"]
[Date "1992.??.??"]
[Round "?"]
[White "Hermlin, Aarne"]
[Black "Kiik, Kalle"]
[Result "0-1"]
[WhiteElo "2355"]
[BlackElo "2395"]

1.c4 Nf6 2.Nf3 e6 3.d4 Bb4+ 4.Nbd2 O-O 5.a3 Be7 6.e3 a5 7.b3 d5 8.Bd3 Nbd7
9.Bb2 b6 10.O-O Bb7 11.Ne5 Nxe5 12.dxe5 Nd7 13.Rc1 Nc5 14.Bc2 g6 15.f4 Qd7
16.Qe2 Rad8 17.Rfd1 Qc8 18.cxd5 Bxd5 19.e4 Bb7 20.Nc4 Qa8 21.Re1 Rd7 22.f5 Bg5
23.Rcd1 Rxd1 24.Qxd1 Re8 25.Qg4 Bh6 26.Qh4 Bg7 27.f6 Bf8 28.Bc1 Rd8 29.Bh6 Rd4
30.Be3 Rd7 31.Bh6 Nd3 32.Re3 Bc5 33.Bg7 Bxe4 34.Kf1 Bxg2+ 35.Ke2 Bxe3 36.Nxe3 Qf3+
37.Kd2 Nf4+  0-1